| 000 | 00745nam a2200205Ia 4500 | ||
|---|---|---|---|
| 005 | 20260121110024.0 | ||
| 008 | 008 260114s9999 xx 000 0 hin d | ||
| 020 | _a9788132357476 | ||
| 037 | _aEBOOK | ||
| 040 |
_aCRL _bhin _cCRL |
||
| 041 |
_ahin _2hin |
||
| 084 | _qCRL | ||
| 100 |
_aअखिलेश पाठक / Akhilesh Pathak _9941080 |
||
| 245 | 0 | _aतिलहनी एवं दलहनी फसलों का उत्पादन एवं विपणन / Tilhani aur Dalhani Fasalon ka Utpadan aur Vipanan | |
| 260 |
_bभाषा प्रकाशन / Bhasha Prakashan _c2021 |
||
| 856 | _uhttps://bhashaprakashan.com/product-details/378888 | ||
| 942 | _cEBOOK | ||
| 999 |
_c1532745 _d1532745 |
||